00309pab a2200133 454500008004000000100002700040245001800067260000900085300002600094362001100120650001900131650001100150773001400161180718b2001 xxu||||| |||| 00| 0 eng d aMukherjee, Arun Prasad aTainted force c2001 ap.6; 21 Jul 2001, p.6 a20 Jul aPolice - India aPolice aStatesman